| 000 | 00343nam a2200133Ia 4500 | ||
|---|---|---|---|
| 008 | 240624s9999 xx 000 0 und d | ||
| 041 | _aeng | ||
| 082 | _a658.34092 MIC | ||
| 100 | _aMICHELLI JOSEPH A | ||
| 245 | _aLEADING THE STARBUCKS WAY | ||
| 260 |
_c2014 _aNew Delhi _bTata McGraw-Hill |
||
| 300 | _a286 : p. : cm. ; 22 | ||
| 365 |
_cRS _b33 |
||
| 999 |
_c25865 _d25865 |
||